LDR 01219naa#a2200169#i#450# 001 RU\\bibl\19785 005 20260603005726.3 100 ## _a20260601b2026####ek#y0rusy0150####ca 102 ## _aRU 200 1# _aСКВЕР «У ОЗЕРА» КАК ОСОБО ОХРАНЯЕМЫЙ ПРИРОДНЫЙ ОБЪЕКТ Г. ВОРОНЕЖА: ЛАНДШАФТНО-ЭКОЛОГИЧЕСКАЯ ОЦЕНКА ТЕРРИТОРИИ _eСтатья/тезисы конференции 210 1# _aВоронеж _cВоронежский государственный лесотехнический университет имени Г.Ф. Морозова _d2026 215 ## _a6 с. 608 ## _aСтатья/тезисы конференции _2local 675 ## _aСкверы и другие открытые пространства. 711.61 _aМероприятия по формированию национальных парков и других охраняемых природных территорий, включая заповедники, лесопитомники и питомники растений. 712.23 _z 700 #1 _aХазова _gЕкатерина Петровна 700 #1 _aПерелыгина _gЕ. Н. 856 4# _abibl.vgltu.ru _u